| 000 | 00000nam 2200000za 4500 |
| 001 | 9.822419 |
| 003 | CaOODSP |
| 005 | 20221107143658 |
| 007 | cr ||||||||||| |
| 008 | 160810s1994 onc||||#o i00| 0 eng d |
| 040 | |aCaOODSP|beng |
| 043 | |an-cn--- |
| 086 | 1 |aE100-2/2-89-1904-11E-PDF |
| 110 | 1 |aCanada.|bBinational Secretariat. |
| 245 | 10|aIn the matter of fresh, chilled, or frozen pork from Canada|h[electronic resource] : |bmemorandum opinion and order. |
| 246 | 1 |iAt head of title : |aArticle 1904, Binational Panel review under the United-States-Canada Free Trade Agreement |
| 260 | |aOttawa : |b[Binational Secretariat, Canada-United States Free Trade Agreement], |cc1994. |
| 300 | |aIn various pagings. |
| 500 | |aAugust 24, 1990. |
| 500 | |aIssued also in French under title: Dans l'affaire de Porc frais, frigorifié ou congelé du Canada. |
| 504 | |aIncludes bibliographical references. |
| 692 | 07|2gccst|aFree trade agreements |
| 692 | 07|2gccst|aInternational trade |
| 692 | 07|2gccst|aAgri-food industry |
| 775 | 08|tDans l'affaire du porc frais, frigorifié ou congelé du Canada |w(CaOODSP)9.822422 |
| 856 | 40|qPDF|s6.33 MB|uhttps://publications.gc.ca/collections/collection_2016/alena-sec-nafta/E100-2-2-89-1904-11-eng.pdf |
| 986 | |aUSA-89-1904-11 |